000 00560nam a22002297a 4500
003 UA-OsUOA
001 28598
007 ta
008 20050412b un ||||| |||| 00| 0 ukr d
090 _a94(47+557)
_bП27
942 _cBK
040 _aUA-OsUOA
_brus
_cUA-OsUOA
_dUA-OsUOA
245 _aПереписка с У. Черчиллем и К. Эттли (июль 1941 г.- ноябрь 1945 г.)
300 _a464 с.
955 _a0
041 _arus
080 _a94(47+557)
260 _c1989
044 _aRU
650 7 _2UDC
999 _c314967
_d314967